Impacts of climate change on EU agriculture

Gespeichert in:
Bibliographische Detailangaben
1. Verfasser: Shrestha, Shailesh
Format: Buchkapitel
Sprache:Englisch
Schlagworte:
Tags: Tag hinzufügen
Keine Tags, Fügen Sie das erste Tag hinzu!

MARC

LEADER 00000nla a2200000 4500
001 0210189
005 20240417075102.5
041 0 |a eng 
044 |a SK 
245 1 0 |a Impacts of climate change on EU agriculture  |c Shailesh Shrestha ... [et al.] 
610 2 0 |a zmeny klimatické 
610 2 0 |a produktivita 
610 2 0 |a poľnohospodárstvo 
610 2 0 |a plodiny poľnohospodárske 
610 2 0 |a adaptácia 
610 2 0 |a Európa 
100 1 |a Shrestha, Shailesh